[Event "BL 1819 USV TU Dresden - SF Deizisau"]
[Site "?"]
[Date "2018.11.25"]
[Round "4.2"]
[White "Gajewski, Grzegorz"]
[Black "Bluebaum, Matthias"]
[Result "1/2-1/2"]
[WhiteElo "2595"]
[BlackElo "2620"]
[PlyCount "143"]
[EventDate "2018.??.??"]

1. d4 Nf6 2. c4 e6 3. Nf3 d5 4. Nc3 Bb4 5. Qa4+ Nc6 6. e3 O-O 7. Qc2 dxc4 8.
Bxc4 Bd6 9. O-O e5 10. h3 a6 11. dxe5 Nxe5 12. Nxe5 Bxe5 13. Bd3 Qe7 14. e4 Re8
15. Bg5 Qc5 16. Be3 Qc6 17. Rac1 Bd7 18. Rfd1 Rad8 19. Qb3 Be6 20. Nd5 Qd7 21.
Bc4 Bxd5 22. exd5 b5 23. Be2 Qf5 24. Bf3 Bf4 25. Bxf4 Qxf4 26. Qa3 Ne4 27. Qe3
Qxe3 28. fxe3 Re7 29. Bxe4 Rxe4 30. Kf2 Re7 31. Rc6 f5 32. Rxa6 Rde8 33. Rd3 f4
34. Re6 Rxe6 35. dxe6 Rxe6 36. exf4 c6 37. Rc3 Kf7 38. g4 Rd6 39. Ke2 h6 40.
Rc5 Ke6 41. Ke3 Kd7 42. Re5 Rd1 43. Kf3 Rd2 44. Re2 Rd3+ 45. Kg2 c5 46. f5 c4
47. a3 Kd8 48. h4 c3 49. bxc3 Rxc3 50. Re6 Rxa3 51. f6 gxf6 52. Rxf6 h5 53. g5
b4 54. Rf7 b3 55. Rb7 Ke8 56. Kg3 b2+ 57. Kf4 b1=Q 58. Rxb1 Kf7 59. Rb6 Kg7 60.
Ke5 Re3+ 61. Kf5 Rf3+ 62. Ke6 Re3+ 63. Kf5 Rf3+ 64. Ke4 Ra3 65. Rd6 Ra1 66. Rd4
Ra5 67. Rd5 Ra1 68. Kf5 Rf1+ 69. Ke6 Re1+ 70. Re5 Ra1 71. Re4 Rb1 72. Kf5
1/2-1/2

[Event "BL 1819 USV TU Dresden - SF Deizisau"]
[Site "?"]
[Date "2018.11.25"]
[Round "4.3"]
[White "Meier, Georg"]
[Black "Bartel, Mateusz"]
[Result "1/2-1/2"]
[WhiteElo "2622"]
[BlackElo "2600"]
[PlyCount "53"]
[EventDate "2018.??.??"]

1. Nf3 d5 2. g3 Nd7 3. d4 b5 4. Nc3 c6 5. a3 Ngf6 6. Bg2 e6 7. e4 dxe4 8. Ng5
Be7 9. Ngxe4 Nd5 10. Qg4 O-O 11. Bh6 Bf6 12. Nxf6+ Qxf6 13. Be3 N7b6 14. Nxd5
exd5 15. Qg5 Qxg5 16. Bxg5 Re8+ 17. Kd1 Bg4+ 18. f3 Bf5 19. Bf1 Nc4 20. Bxc4
dxc4 21. Kd2 f6 22. Bf4 Rad8 23. c3 c5 24. Be3 Bc8 25. Rae1 Bb7 26. Rhf1 a5 27.
Bg1 1/2-1/2

[Event "BL 1819 USV TU Dresden - SF Deizisau"]
[Site "?"]
[Date "2018.11.25"]
[Round "4.4"]
[White "Boensch, Uwe"]
[Black "Keymer, Vincent"]
[Result "1/2-1/2"]
[WhiteElo "2553"]
[BlackElo "2502"]
[PlyCount "158"]
[EventDate "2018.??.??"]

1. d4 d5 2. c4 e6 3. Nc3 Nf6 4. Bg5 Be7 5. e3 h6 6. Bh4 O-O 7. Nf3 Nbd7 8. Rc1
c5 9. cxd5 Nxd5 10. Bxe7 Nxe7 11. Bb5 cxd4 12. Qxd4 Nf6 13. O-O Qxd4 14. Nxd4
Rd8 15. Be2 Bd7 16. Rfd1 Rac8 17. Kf1 g5 18. Ndb5 Bxb5 19. Bxb5 Rxd1+ 20. Rxd1
Ned5 21. Nxd5 Nxd5 22. Bd3 Kf8 23. Ke2 Ke7 24. a3 Nb6 25. Rd2 f5 26. f4 Kf6 27.
Rc2 e5 28. Rxc8 Nxc8 29. g3 Nd6 30. Bc2 h5 31. Bb3 b6 32. Bd5 h4 33. Kd3 hxg3
34. hxg3 g4 35. b4 e4+ 36. Kc3 Ne8 37. Kd2 Ke7 38. Ke2 a5 39. bxa5 bxa5 40. Bc6
Nf6 41. a4 Kd6 42. Bb5 Kc5 43. Kf2 Kb4 44. Bc6 Kb3 45. Bb5 Kc3 46. Ke2 Kc2 47.
Bc6 Kb3 48. Kf2 Kb4 49. Bb5 Kc5 50. Ke2 Kd6 51. Ke1 Nd5 52. Kd2 Nb6 53. Be8 Kc5
54. Ke2 Kd6 55. Kd2 Nc4+ 56. Ke2 Kc7 57. Bf7 Nd6 58. Be6 Kd8 59. Kd2 Ke7 60.
Bd5 Ne8 61. Bc4 Nf6 62. Ke2 Kd6 63. Bb5 Kc5 64. Kf2 Kb4 65. Bc6 Kb3 66. Bb5 Kc2
67. Ke2 Nh5 68. Kf2 Kc3 69. Bd7 Nf6 70. Bxf5 Kb4 71. Ke2 Kxa4 72. Be6 Ka3 73.
Kd2 Kb2 74. f5 a4 75. Bf7 a3 76. Bc4 Nd7 77. Bd5 Nf6 78. Bc4 Nd7 79. Bd5 Nf6
1/2-1/2

[Event "BL 1819 USV TU Dresden - SF Deizisau"]
[Site "?"]
[Date "2018.11.25"]
[Round "4.5"]
[White "Heimann, Andreas"]
[Black "Maiwald, Jens-Uwe"]
[Result "1-0"]
[WhiteElo "2601"]
[BlackElo "2443"]
[PlyCount "79"]
[EventDate "2018.??.??"]

1. d4 Nf6 2. c4 d6 3. Nf3 g6 4. Nc3 Bg7 5. e4 O-O 6. Be2 e5 7. d5 Na6 8. Be3
Ng4 9. Bg5 f6 10. Bh4 h5 11. Nd2 c5 12. a3 Nh6 13. f3 Nf7 14. Qc2 Bh6 15. Bf2
Bd7 16. h3 Kg7 17. O-O-O Rh8 18. h4 Nc7 19. b4 b5 20. bxc5 dxc5 21. cxb5 Rb8
22. Kb2 Nxb5 23. Bxb5 Bxb5 24. Nxb5 Bxd2 25. Qxd2 Rxb5+ 26. Ka2 Qc7 27. Rb1
Rhb8 28. Rxb5 Rxb5 29. Rb1 Nd6 30. Qc2 Ra5 31. Be1 Rb5 32. Bd2 Qb6 33. Be3 Nc4
34. Rxb5 Qxb5 35. Bf2 a6 36. Qb3 Nxa3 37. Kxa3 Qa5+ 38. Kb2 Qd2+ 39. Qc2 Qb4+
40. Kc1 1-0

[Event "BL 1819 USV TU Dresden - SF Deizisau"]
[Site "?"]
[Date "2018.11.25"]
[Round "4.6"]
[White "Hoffmann, Paul"]
[Black "Kozul, Zdenko"]
[Result "1/2-1/2"]
[WhiteElo "2376"]
[BlackElo "2612"]
[PlyCount "96"]
[EventDate "2018.??.??"]

1. e4 c5 2. Nf3 d6 3. Nc3 Nc6 4. g3 Bg4 5. h3 Bxf3 6. Qxf3 Nf6 7. Bg2 g6 8. O-O
Bg7 9. d3 Rb8 10. a4 a6 11. Nd5 Nd7 12. c3 e6 13. Ne3 b5 14. axb5 axb5 15. Qe2
O-O 16. Bd2 b4 17. Ra6 bxc3 18. bxc3 Rb6 19. Ra3 Qc7 20. Rfa1 Rfb8 21. Qd1 R6b7
22. Be1 Ra7 23. Rxa7 Nxa7 24. d4 cxd4 25. cxd4 Qb6 26. Ra4 Nc6 27. d5 exd5 28.
exd5 Nd4 29. Rb4 Qa7 30. Ra4 Qc5 31. Rc4 Qa3 32. Kh2 Nb3 33. Rc7 Nbc5 34. Nc4
Qa6 35. Na5 h5 36. Nc6 Re8 37. Bb4 Qb6 38. Ba5 Qb2 39. Qd2 Re2 40. Qxb2 Rxb2
41. Kg1 Ne5 42. Rc8+ Kh7 43. Nd8 Ncd3 44. f4 Nf3+ 45. Bxf3 Bd4+ 46. Kh1 Nf2+
47. Kg2 Nd3+ 48. Kh1 Nf2+ 1/2-1/2

[Event "BL 1819 USV TU Dresden - SF Deizisau"]
[Site "?"]
[Date "2018.11.25"]
[Round "4.7"]
[White "Kollars, Dmitrij"]
[Black "Loxine, Jakov"]
[Result "1-0"]
[WhiteElo "2542"]
[BlackElo "2393"]
[PlyCount "73"]
[EventDate "2018.??.??"]

1. e4 c5 2. Nf3 Nc6 3. d4 cxd4 4. Nxd4 g6 5. Nc3 Bg7 6. Be3 Nf6 7. Bc4 O-O 8.
Bb3 Re8 9. f3 d5 10. exd5 Nb4 11. Nde2 e6 12. Bd4 exd5 13. O-O Be6 14. Nf4 Nc6
15. Bf2 Qd6 16. Nxe6 fxe6 17. Nb5 Qd7 18. c4 Red8 19. Qe2 a6 20. Nc3 Na5 21.
Ba4 Qd6 22. c5 Qe7 23. Rad1 Nc6 24. Rfe1 Re8 25. b4 Rad8 26. Bxc6 bxc6 27. Qxa6
Nh5 28. Ne2 Ra8 29. Qxc6 Rxa2 30. b5 Rf8 31. b6 Be5 32. Ng3 Rxf2 33. Kxf2 Nxg3
34. Rxe5 Ne4+ 35. Kg1 Qh4 36. Qxe6+ Kh8 37. Rxe4 1-0

[Event "BL 1819 USV TU Dresden - SF Deizisau"]
[Site "?"]
[Date "2018.11.25"]
[Round "4.8"]
[White "Moehn, Hans"]
[Black "Graf, Alexander"]
[Result "0-1"]
[WhiteElo "2371"]
[BlackElo "2562"]
[PlyCount "104"]
[EventDate "2018.??.??"]

1. Nf3 Nf6 2. g3 d6 3. Bg2 e5 4. O-O c6 5. c4 h6 6. Nc3 Be6 7. b3 Nbd7 8. d4 e4
9. d5 exf3 10. dxe6 fxg2 11. exd7+ Qxd7 12. Kxg2 Be7 13. Qc2 O-O 14. Bb2 Rfd8
15. Rad1 a6 16. e4 Qc7 17. Rfe1 b5 18. cxb5 cxb5 19. Qb1 Rac8 20. Re2 Qb7 21.
f3 b4 22. Nd5 Nxd5 23. Rxd5 Rc5 24. Qd3 Rdc8 25. Rxc5 dxc5 26. Rd2 Qb5 27. Qxb5
axb5 28. Rc2 c4 29. bxc4 bxc4 30. Kf1 g5 31. Ke2 Kh7 32. Kd1 Kg6 33. Bc1 Rd8+
34. Ke2 c3 35. Be3 Kf6 36. Rc1 Ke5 37. h3 h5 38. g4 hxg4 39. hxg4 Rh8 40. Rc2
Rh1 41. Kd3 Rd1+ 42. Ke2 Rd8 43. Rc1 Rh8 44. Rc2 Rh3 45. a3 bxa3 46. Rxc3 a2
47. Rc1 Rh2+ 48. Kd3 Rh3 49. Ke2 Rh6 50. Rd1 Rd6 51. Ra1 Ra6 52. Bc1 Bf6 0-1

[Event "BL 1819 SF Berlin - OSG Baden-Baden"]
[Site "?"]
[Date "2018.11.25"]
[Round "4.5"]
[White "Bacrot, Etienne"]
[Black "Blohberger, Felix"]
[Result "1-0"]
[WhiteElo "2677"]
[BlackElo "2434"]
[PlyCount "101"]
[EventDate "2018.??.??"]

1. e4 c6 2. d4 d5 3. Nc3 dxe4 4. Nxe4 Nf6 5. Nxf6+ exf6 6. c3 Bd6 7. Bd3 O-O 8.
Ne2 Re8 9. Qc2 h5 10. O-O h4 11. Bf4 Na6 12. Bxd6 Qxd6 13. h3 Nc7 14. Rae1 Bd7
15. Qd2 Rad8 16. Qf4 Qxf4 17. Nxf4 Ne6 18. Ne2 g6 19. Rd1 Ng7 20. Rfe1 Kf8 21.
Kf1 a5 22. Nf4 g5 23. Rxe8+ Rxe8 24. Ne2 Be6 25. c4 Rd8 26. Ke1 Bf5 27. Kd2 Bg6
28. Kc3 Ne6 29. d5 Nc5 30. Bxg6 fxg6 31. dxc6 Rxd1 32. c7 Ne4+ 33. Kc2 Rd2+ 34.
Kc1 Nd6 35. Kxd2 Nxc4+ 36. Kd3 Nd6 37. Nc3 Ke7 38. Ne4 Nc8 39. Kd4 f5 40. Nxg5
Kd6 41. Nf3 Ne7 42. Nxh4 Kxc7 43. Ke5 a4 44. Kf6 Nd5+ 45. Kxg6 b5 46. Nxf5 b4
47. h4 Nc3 48. bxc3 b3 49. axb3 axb3 50. Nd4 b2 51. Nb5+ 1-0

[Event "BL 1819 SF Berlin - OSG Baden-Baden"]
[Site "?"]
[Date "2018.11.25"]
[Round "4.7"]
[White "Movsesian, Sergei"]
[Black "Seyb, Alexander"]
[Result "1-0"]
[WhiteElo "2633"]
[BlackElo "2416"]
[PlyCount "45"]
[EventDate "2018.??.??"]

1. e4 e5 2. Nf3 Nf6 3. d4 Nxe4 4. Bd3 d5 5. Nxe5 Nd7 6. O-O Nxe5 7. dxe5 Nc5 8.
Be3 Be7 9. f4 O-O 10. f5 d4 11. Bf4 Re8 12. f6 Bf8 13. fxg7 Bxg7 14. Qf3 Qd7
15. Bg3 Nxd3 16. cxd3 Rf8 17. Nd2 Qg4 18. Qf2 f6 19. Ne4 f5 20. Nf6+ Bxf6 21.
exf6 Rxf6 22. h3 Qg6 23. Be5 1-0

[Event "BL 1819 SV Werder Bremen - SG Solingen"]
[Site "?"]
[Date "2018.11.25"]
[Round "4.1"]
[White "Ragger, Markus"]
[Black "McShane, Luke J"]
[Result "1-0"]
[WhiteElo "2701"]
[BlackElo "2667"]
[PlyCount "161"]
[EventDate "2018.??.??"]

1. e4 e5 2. Nf3 Nc6 3. Bc4 Bc5 4. c3 Nf6 5. d3 d6 6. O-O h6 7. Re1 O-O 8. Nbd2
a5 9. Nf1 Be6 10. Bb5 Bb6 11. Ng3 Ne7 12. d4 c6 13. Bd3 Qc7 14. h3 c5 15. d5
Bd7 16. Nd2 Qb8 17. a4 Bc7 18. Nc4 b5 19. axb5 Bxb5 20. Ne3 Bd7 21. Bc2 Kh8 22.
Ba4 Bc8 23. Ra3 Bd8 24. Qf3 Nfg8 25. Nef5 Ra7 26. Rb3 Qc7 27. c4 Kh7 28. Qd3 g6
29. Nxe7 Bxe7 30. f4 Bf6 31. Rf1 Rb7 32. f5 Rb4 33. Bb5 Bd7 34. Bxd7 Qxd7 35.
Bd2 Rxb3 36. Qxb3 a4 37. Qc2 Rb8 38. Ne2 Qb7 39. fxg6+ Kxg6 40. Bc3 Bg5 41.
Qxa4 Nf6 42. Qc2 Nh5 43. Qd3 Qd7 44. Ra1 Nf4 45. Qf3 Nxe2+ 46. Qxe2 Rg8 47. Rf1
Kh7 48. Rf3 Bf4 49. Bd2 Bxd2 50. Qxd2 Rg6 51. Kh2 Qb7 52. Qc2 Kg7 53. Qb3 Qe7
54. Rf5 Qh4 55. Qf3 Qe7 56. Qf2 Kg8 57. Rf3 Kf8 58. Rb3 Kg7 59. Qf5 Qa7 60. h4
Qe7 61. Kh3 Qd8 62. Rf3 Qe7 63. Qc8 Kh7 64. Rb3 Qf6 65. Qf5 Kg7 66. h5 Rg5 67.
Qxf6+ Kxf6 68. g4 Rg8 69. Rb6 Kg5 70. Kg3 Ra8 71. Kf3 Ra2 72. Rxd6 Rxb2 73. Rc6
Rb3+ 74. Ke2 Kxg4 75. d6 Rb8 76. Rxc5 Kf4 77. d7 Rd8 78. Rd5 Kxe4 79. Rd6 f5
80. c5 f4 81. c6 1-0

[Event "BL 1819 SV Werder Bremen - SG Solingen"]
[Site "?"]
[Date "2018.11.25"]
[Round "4.2"]
[White "Areshchenko, Alexander"]
[Black "Van Wely, Loek"]
[Result "1/2-1/2"]
[WhiteElo "2652"]
[BlackElo "2622"]
[PlyCount "111"]
[EventDate "2018.??.??"]

1. e4 c5 2. Nf3 e6 3. d4 cxd4 4. Nxd4 Nc6 5. Nc3 a6 6. Nxc6 bxc6 7. Bd3 d5 8.
O-O Nf6 9. Qf3 Bb7 10. Na4 Bd6 11. Bf4 Bxf4 12. Qxf4 Qe7 13. Rfe1 O-O 14. Qh4
Qb4 15. b3 e5 16. a3 Qd6 17. b4 a5 18. Nc5 Bc8 19. Rad1 axb4 20. axb4 d4 21.
Bc4 Nd7 22. Nxd7 Bxd7 23. c3 Rfd8 24. f4 Be6 25. fxe5 Qxe5 26. Bxe6 fxe6 27.
Rd3 c5 28. bxc5 Qxc5 29. cxd4 Rxd4 30. Qf2 Rc4 31. Qxc5 Rxc5 32. Kf2 Kf7 33.
Ke3 Kf6 34. Rf1+ Ke7 35. Rb3 Ra7 36. Rf2 g5 37. Rfb2 Kf6 38. Kd4 Rca5 39. Rf2+
Ke7 40. Rfb2 Kf6 41. Rf2+ Kg6 42. Rfb2 h5 43. h3 h4 44. Rf2 Ra4+ 45. Ke5 R7a5+
46. Kxe6 Rxe4+ 47. Kd6 Ra6+ 48. Kd5 Ree6 49. Rb8 Rad6+ 50. Kc5 Rf6 51. Rxf6+
Rxf6 52. Rb2 g4 53. Kd4 gxh3 54. gxh3 Rf3 55. Ke4 Rxh3 56. Kf4 1/2-1/2

[Event "BL 1819 SV Werder Bremen - SG Solingen"]
[Site "?"]
[Date "2018.11.25"]
[Round "4.3"]
[White "Ganguly, Surya Shekhar"]
[Black "Efimenko, Zahar"]
[Result "1/2-1/2"]
[WhiteElo "2615"]
[BlackElo "2635"]
[PlyCount "110"]
[EventDate "2018.??.??"]

1. e4 e5 2. Nf3 Nc6 3. Bc4 Bc5 4. c3 Nf6 5. d3 d6 6. b4 Bb6 7. a4 a6 8. O-O h6
9. Nbd2 O-O 10. Bb3 d5 11. Bb2 Be6 12. exd5 Nxd5 13. g3 Re8 14. Re1 Nf6 15.
Bxe6 Rxe6 16. Nc4 e4 17. dxe4 Nxe4 18. Nxb6 cxb6 19. Kg2 Qf6 20. Qc2 Ng5 21.
Nxg5 hxg5 22. c4 Qe7 23. Rxe6 Qxe6 24. Qc3 f6 25. Re1 Ne5 26. Qf3 Nxf3 27. Rxe6
Nd2 28. c5 bxc5 29. bxc5 Rc8 30. Re7 Nb3 31. Rxb7 Nxc5 32. Rb4 Nd3 33. Rb3 Nxb2
34. Rxb2 Rc4 35. a5 Ra4 36. Rb8+ Kh7 37. Rb6 Rxa5 38. g4 Ra1 39. h3 a5 40. Ra6
a4 41. Ra7 a3 42. Ra8 g6 43. Ra5 Kg7 44. Ra7+ Kf8 45. Ra8+ Ke7 46. Ra6 Kf7 47.
Kh2 f5 48. Kg2 a2 49. Ra7+ Ke6 50. Ra6+ Kd5 51. Ra8 Kd4 52. Ra7 Kd3 53. Ra8 Ke2
54. Re8+ Kd2 55. Ra8 Kd3 1/2-1/2

[Event "BL 1819 SV Werder Bremen - SG Solingen"]
[Site "?"]
[Date "2018.11.25"]
[Round "4.4"]
[White "Edouard, Romain"]
[Black "L'Ami, Erwin"]
[Result "1-0"]
[WhiteElo "2636"]
[BlackElo "2644"]
[PlyCount "75"]
[EventDate "2018.??.??"]

1. Nf3 Nf6 2. c4 g6 3. g3 Bg7 4. Bg2 O-O 5. Nc3 c6 6. e4 d5 7. cxd5 cxd5 8. e5
Ne4 9. d4 Nc6 10. O-O Nxc3 11. bxc3 Bg4 12. h3 Bxf3 13. Qxf3 e6 14. h4 b5 15.
Bg5 Qa5 16. h5 Rfc8 17. hxg6 hxg6 18. Bf6 Nb8 19. Bxg7 Kxg7 20. Qf6+ Kg8 21.
Bxd5 Nd7 22. Qe7 Re8 23. Qd6 Rad8 24. Bc6 Nb8 25. Bxe8 Rxd6 26. exd6 Kf8 27. d7
Nc6 28. a4 bxa4 29. Rxa4 Qxc3 30. d5 exd5 31. Rxa7 Nd8 32. Ra8 Ke7 33. Rc8 Qa5
34. Rxd8 Qxd8 35. Rc1 d4 36. Rc8 d3 37. Kf1 d2 38. Ke2 1-0

[Event "BL 1819 SV Werder Bremen - SG Solingen"]
[Site "?"]
[Date "2018.11.25"]
[Round "4.5"]
[White "Predojevic, Borki"]
[Black "Hracek, Zbynek"]
[Result "1/2-1/2"]
[WhiteElo "2626"]
[BlackElo "2569"]
[PlyCount "41"]
[EventDate "2018.??.??"]

1. e4 e5 2. Nf3 Nc6 3. Bb5 Nf6 4. d3 d6 5. O-O Be7 6. c3 O-O 7. Nbd2 a6 8. Bxc6
bxc6 9. Qc2 c5 10. d4 exd4 11. cxd4 cxd4 12. Nxd4 c5 13. Nc6 Qc7 14. Nxe7+ Qxe7
15. b3 Re8 16. f3 Bb7 17. Bb2 d5 18. Rae1 dxe4 19. Bxf6 Qxf6 20. Nxe4 Bxe4 21.
Rxe4 1/2-1/2

[Event "BL 1819 SV Werder Bremen - SG Solingen"]
[Site "?"]
[Date "2018.11.25"]
[Round "4.6"]
[White "Nyback, Tomi"]
[Black "Tari, Aryan"]
[Result "1/2-1/2"]
[WhiteElo "2571"]
[BlackElo "2614"]
[PlyCount "28"]
[EventDate "2018.??.??"]

1. Nf3 Nf6 2. c4 c5 3. Nc3 d5 4. cxd5 Nxd5 5. d4 Nxc3 6. bxc3 g6 7. g3 Bg7 8.
Bg2 Nc6 9. e3 Qa5 10. Bd2 Qa6 11. Bf1 Qa5 12. Bg2 Qa6 13. Bf1 Qa5 14. Bg2 Qa6
1/2-1/2

[Event "BL 1819 SV Werder Bremen - SG Solingen"]
[Site "?"]
[Date "2018.11.25"]
[Round "4.7"]
[White "Andersen, Mads"]
[Black "Babula, Vlastimil"]
[Result "1-0"]
[WhiteElo "2594"]
[BlackElo "2538"]
[PlyCount "81"]
[EventDate "2018.??.??"]

1. Nf3 c5 2. c4 Nc6 3. Nc3 Nd4 4. e3 Nxf3+ 5. Qxf3 g6 6. d4 Bg7 7. dxc5 Bxc3+
8. bxc3 Qa5 9. e4 Qxc5 10. Be3 Qa5 11. Rc1 d6 12. c5 Be6 13. cxd6 O-O-O 14. Bd4
Nf6 15. Qf4 Rhg8 16. Be2 Ne8 17. O-O Nxd6 18. c4 f5 19. c5 Nxe4 20. Qe5 Bf7 21.
Be3 Qc7 22. Qxc7+ Kxc7 23. Bf4+ Kc6 24. a4 a6 25. Rb1 Bd5 26. Rfc1 Rge8 27. f3
Nf6 28. Rb6+ Kd7 29. Rd1 Kc8 30. c6 bxc6 31. Bxa6+ Kd7 32. Bb7 e5 33. Bxc6+ Kc7
34. Bxe8 Kxb6 35. Be3+ Kc7 36. Bb5 f4 37. Bf2 Rf8 38. a5 Ba8 39. Rc1+ Kb8 40.
a6 Bd5 41. Bc5 1-0

[Event "BL 1819 SV Werder Bremen - SG Solingen"]
[Site "?"]
[Date "2018.11.25"]
[Round "4.8"]
[White "Meins, Gerlef"]
[Black "Smeets, Jan"]
[Result "1/2-1/2"]
[WhiteElo "2412"]
[BlackElo "2602"]
[PlyCount "62"]
[EventDate "2018.??.??"]

1. d4 d5 2. c4 e6 3. Nf3 Nf6 4. Nc3 c6 5. e3 Nbd7 6. Qc2 Bd6 7. Bd3 dxc4 8.
Bxc4 b5 9. Be2 Bb7 10. O-O O-O 11. Ng5 Qb8 12. h3 Rc8 13. a3 a5 14. Bd2 b4 15.
axb4 axb4 16. Rxa8 Qxa8 17. Nce4 Be7 18. Nc5 Nxc5 19. dxc5 Qa5 20. Rc1 h6 21.
Ne4 Nxe4 22. Qxe4 Bxc5 23. Bd3 g6 24. Qe5 Bb6 25. Qxa5 Bxa5 26. Be4 Rd8 27. Be1
Ba6 28. Bxc6 Rc8 29. Bd2 Rd8 30. Be1 Rc8 31. Bd2 Rd8 1/2-1/2

[Event "BL 1819 SV Mülheim Nord 1931 - Düssel"]
[Site "?"]
[Date "2018.11.25"]
[Round "4.2"]
[White "Fridman, Daniel"]
[Black "Alekseev, Evgeny"]
[Result "1/2-1/2"]
[WhiteElo "2633"]
[BlackElo "2620"]
[PlyCount "128"]
[EventDate "2018.??.??"]

1. d4 e6 2. c4 b6 3. a3 f5 4. Nc3 Bb7 5. d5 Nf6 6. Nf3 Na6 7. b4 Bd6 8. Nb5 Be7
9. d6 cxd6 10. Nxd6+ Bxd6 11. Qxd6 Ne4 12. Qd4 O-O 13. g3 Rc8 14. Bg2 Qf6 15.
O-O Qxd4 16. Nxd4 Rxc4 17. Be3 Nc7 18. Rfc1 Rxc1+ 19. Rxc1 Nd5 20. Bxe4 fxe4
21. Bd2 a6 22. Nc2 b5 23. Ne3 Nb6 24. Rc7 Bc6 25. Bc3 Rc8 26. Ra7 Ra8 27. Rxa8+
Bxa8 28. Kg2 d6 29. f4 exf3+ 30. exf3 Kf7 31. Kf2 e5 32. f4 Ke6 33. fxe5 dxe5
34. g4 Nd7 35. g5 Nf8 36. h4 Ng6 37. Kg3 Nf4 38. Kf2 Nd3+ 39. Ke2 Be4 40. Kd2
Nf4 41. Ng4 Ng2 42. Nxe5 Nxh4 43. Ke3 Kd5 44. Nd7 Bb1 45. Nb8 Kc4 46. Bd2 Kb3
47. Nxa6 Nf5+ 48. Kf4 Kxa3 49. Nc7 Ka4 50. Nd5 Bd3 51. Nc7 Bc2 52. Bc3 g6 53.
Ke5 h6 54. gxh6 Nxh6 55. Ne6 Nf7+ 56. Kf6 Nd6 57. Be1 Nc4 58. Nf4 Nb2 59. Bd2
Kb3 60. Nxg6 Bxg6 61. Kxg6 Nd3 62. Kh7 Nxb4 63. Kh8 Na2 64. Ba5 Kc4 1/2-1/2

[Event "BL 1819 SV Mülheim Nord 1931 - Düssel"]
[Site "?"]
[Date "2018.11.25"]
[Round "4.4"]
[White "Saltaev, Mihail"]
[Black "Berelowitsch, Alexander"]
[Result "1/2-1/2"]
[WhiteElo "2471"]
[BlackElo "2520"]
[PlyCount "40"]
[EventDate "2018.??.??"]

1. e4 e6 2. d4 d5 3. Nd2 c5 4. exd5 exd5 5. Ngf3 Nf6 6. Bb5+ Bd7 7. Bxd7+ Nbxd7
8. O-O Be7 9. dxc5 Nxc5 10. Nb3 Nce4 11. Be3 O-O 12. Qd3 Qd7 13. Nbd4 Rac8 14.
c3 a6 15. Rad1 Rfe8 16. Rfe1 Bd6 17. h3 b5 18. a3 Bf8 19. Bc1 Bc5 20. Re2 Bf8
1/2-1/2

[Event "BL 1819 SV Mülheim Nord 1931 - Düssel"]
[Site "?"]
[Date "2018.11.25"]
[Round "4.5"]
[White "Orlov, Andrey"]
[Black "Lai, Hing Ting"]
[Result "1/2-1/2"]
[WhiteElo "2497"]
[BlackElo "2461"]
[PlyCount "77"]
[EventDate "2018.??.??"]

1. e4 c6 2. d4 d5 3. exd5 cxd5 4. Bd3 Nc6 5. c3 Qc7 6. Ne2 Bg4 7. O-O e6 8. Qe1
Bxe2 9. Qxe2 Bd6 10. g3 Nf6 11. Nd2 O-O 12. f4 Rfe8 13. Nf3 Bf8 14. Ne5 g6 15.
Bd2 Nd7 16. h4 f6 17. Nxd7 Qxd7 18. h5 f5 19. Kg2 Bg7 20. Rae1 a6 21. Rf3 Kf7
22. Re3 Re7 23. g4 Qd6 24. Rh3 Ree8 25. Qf3 Ne7 26. Bc2 Ng8 27. hxg6+ hxg6 28.
gxf5 gxf5 29. Qh5+ Kf8 30. Qg6 Qd7 31. Bd1 Nf6 32. Reh1 Qf7 33. Qg5 a5 34. Be1
Rec8 35. a4 Ke7 36. Bh5 Qf8 37. Kf1 Kd6 38. Bf3 Rc7 39. Qg6 1/2-1/2

[Event "BL 1819 SV Mülheim Nord 1931 - Düssel"]
[Site "?"]
[Date "2018.11.25"]
[Round "4.6"]
[White "Hausrath, Daniel"]
[Black "Stark, Lars"]
[Result "1/2-1/2"]
[WhiteElo "2493"]
[BlackElo "2359"]
[PlyCount "78"]
[EventDate "2018.??.??"]

1. Nf3 d5 2. g3 g6 3. Bg2 Bg7 4. d4 Nf6 5. O-O O-O 6. c3 c6 7. a4 a5 8. Qb3
Nbd7 9. Bf4 Re8 10. Nbd2 h6 11. c4 Qb6 12. Qxb6 Nxb6 13. c5 Nc4 14. Nxc4 dxc4
15. Be5 Bg4 16. Rfc1 Nd5 17. Bxg7 Kxg7 18. Rxc4 Rad8 19. e3 Bxf3 20. Bxf3 Nb4
21. Rd1 e5 22. h4 exd4 23. Rcxd4 Rxd4 24. exd4 h5 25. Kf1 Kf6 26. Rd2 Re7 27.
Be2 Re8 28. Bc4 Re7 29. f3 Re8 30. Kf2 Rd8 31. g4 Rd7 32. Kg3 Re7 33. Kf2 Rd7
34. b3 Rd8 35. Kg3 Re8 36. Kf4 hxg4 37. fxg4 Nd5+ 38. Bxd5 cxd5 39. g5+ Kg7
1/2-1/2

[Event "BL 1819 SV Mülheim Nord 1931 - Düssel"]
[Site "?"]
[Date "2018.11.25"]
[Round "4.7"]
[White "De Gleria, Francesco"]
[Black "Dinstuhl, Volkmar"]
[Result "1/2-1/2"]
[WhiteElo "2390"]
[BlackElo "2375"]
[PlyCount "71"]
[EventDate "2018.??.??"]

1. d4 d5 2. Bf4 Nf6 3. e3 c5 4. c3 Nc6 5. Nd2 Bf5 6. Qb3 Qc8 7. h3 e6 8. Ngf3
Be7 9. Be2 h6 10. O-O O-O 11. Ne5 Ne4 12. Nxe4 Bxe4 13. dxc5 Bxc5 14. Rac1 Nxe5
15. Bxe5 Qd8 16. Bg3 Qg5 17. Kh2 Bd6 18. c4 Rac8 19. f4 Qe7 20. Bf3 Bxf3 21.
gxf3 dxc4 22. Rxc4 Rxc4 23. Qxc4 Bc5 24. Qc3 Rd8 25. Rf2 Bb4 26. Qc4 Qc5 27.
Qxc5 Bxc5 28. Re2 Rd3 29. Bf2 a5 30. Kg2 f5 31. Kf1 b6 32. Rc2 Rd1+ 33. Kg2 Rd3
34. Kf1 Rd1+ 35. Kg2 Rd3 36. Kf1 1/2-1/2

[Event "BL 1819 SV Mülheim Nord 1931 - Düssel"]
[Site "?"]
[Date "2018.11.25"]
[Round "4.8"]
[White "Rezasade, Amir"]
[Black "Kohlweyer, Bernd"]
[Result "1/2-1/2"]
[WhiteElo "2351"]
[BlackElo "2342"]
[PlyCount "47"]
[EventDate "2018.??.??"]

1. Nf3 c5 2. c4 g6 3. Nc3 Bg7 4. e3 Nf6 5. d4 cxd4 6. exd4 d5 7. Bg5 O-O 8.
Bxf6 Bxf6 9. cxd5 Bg4 10. Be2 Qb6 11. O-O Bxf3 12. Bxf3 Nd7 13. Qe2 Qxd4 14.
Rad1 Qe5 15. Qb5 Nb6 16. Rfe1 Qc7 17. d6 exd6 18. Ne4 Be5 19. Rc1 Qd8 20. a4
Rb8 21. Rcd1 Qc7 22. Rc1 Qd8 23. Rcd1 Qc7 24. Rc1 1/2-1/2

[Event "BL 1819 SV Hockenheim - SG Solingen"]
[Site "?"]
[Date "2018.12.15"]
[Round "5.1"]
[White "Harikrishna, Pentala"]
[Black "Shankland, Samuel"]
[Result "1/2-1/2"]
[WhiteElo "2725"]
[BlackElo "2724"]
[PlyCount "103"]
[EventDate "2018.??.??"]

1. e4 c5 2. Nf3 d6 3. c3 Nf6 4. Be2 g6 5. O-O Bg7 6. Bb5+ Nc6 7. d4 Qb6 8. Ba4
cxd4 9. cxd4 O-O 10. d5 Na5 11. Nc3 Bd7 12. Bxd7 Nxd7 13. Rb1 Nc4 14. Qa4 Qc7
15. Ne2 Rfc8 16. Ned4 Nce5 17. Nxe5 Bxe5 18. Nf3 Qc2 19. Qxc2 Rxc2 20. Be3 b6
21. Nd4 Bxd4 22. Bxd4 Rac8 23. Rfe1 Ne5 24. Rbd1 Nc4 25. Rc1 Nd2 26. Rxc2 Rxc2
27. e5 dxe5 28. Bxe5 Nc4 29. Bf4 Rxb2 30. h4 e5 31. dxe6 fxe6 32. Rxe6 Rxa2 33.
Rc6 b5 34. Rc8+ Kf7 35. Rc7+ Ke6 36. Rxh7 b4 37. Rb7 Nb6 38. Bb8 b3 39. Bxa7
Ra6 40. Bxb6 Ra1+ 41. Kh2 b2 42. Be3 b1=Q 43. Rxb1 Rxb1 44. g4 Rb4 45. Kg3 Ra4
46. f3 Rb4 47. Bh6 Ra4 48. Kf2 Ra3 49. Bg7 Rb3 50. Kg3 Rb4 51. Bh8 Ra4 52. Bg7
1/2-1/2

[Event "BL 1819 SV Hockenheim - SG Solingen"]
[Site "?"]
[Date "2018.12.15"]
[Round "5.2"]
[White "Vitiugov, Nikita"]
[Black "Ragger, Markus"]
[Result "1-0"]
[WhiteElo "2719"]
[BlackElo "2687"]
[PlyCount "121"]
[EventDate "2018.??.??"]

1. e4 e5 2. Nf3 Nc6 3. Bb5 Nf6 4. O-O Nxe4 5. Re1 Nd6 6. Nxe5 Be7 7. Bf1 Nxe5
8. Rxe5 O-O 9. d4 Bf6 10. Re2 b6 11. Re1 Bb7 12. Bf4 Ne4 13. c3 Bg5 14. Qc1
Bxf4 15. Qxf4 Qf6 16. Qxf6 Nxf6 17. f3 Rfe8 18. Rxe8+ Nxe8 19. Kf2 d5 20. a4 a5
21. Nd2 Kf8 22. Bd3 Nd6 23. b4 Bc6 24. b5 Bd7 25. Nf1 Bf5 26. Bxf5 Nxf5 27. g4
Ne7 28. Ne3 Rd8 29. h4 Rd6 30. h5 Rd7 31. Rb1 h6 32. f4 g6 33. Kf3 Rd6 34. Rc1
Rd7 35. Ke2 Kg7 36. Kd3 Ng8 37. hxg6 Kxg6 38. c4 dxc4+ 39. Nxc4 f6 40. Ne3 Ne7
41. Ke4 Kf7 42. d5 Kf8 43. Rc2 Kg8 44. Rc3 Kf8 45. Nf5 Nxf5 46. Kxf5 Rxd5+ 47.
Kxf6 Rd4 48. f5 Rxg4 49. Rxc7 Ke8 50. Rb7 h5 51. Rxb6 h4 52. Rb7 Rxa4 53. Rh7
Rb4 54. Ke6 Re4+ 55. Kd5 Rb4 56. Kc5 Kf8 57. f6 Kg8 58. f7+ Kf8 59. b6 Rb1 60.
Rxh4 Kxf7 61. Re4 1-0